[Event "5th Chennai Open 2013"]
[Site "Chennai IND"]
[Date "2013.01.19"]
[Round "7"]
[White "Phoobalan,P"]
[Black "Vignesh,NR"]
[Result "1-0"]
[WhiteElo "2328"]
[BlackElo "2188"]

1.d4 Nf6 2.Nf3 e6 3.c4 Bb4+ 4.Bd2 Qe7 5.g3 Nc6 6.Bg2 Bxd2+ 7.Nbxd2 d6 8.O-O a5
9.e4 e5 10.d5 Nb8 11.b3 O-O 12.a3 c6 13.b4 cxd5 14.cxd5 Bd7 15.Qb3 Na6 16.Rfc1 axb4
17.axb4 Bb5 18.Bh3 Qd8 19.Qe3 Bd7 20.Bxd7 Qxd7 21.Nc4 Rac8 22.b5 Qxb5 23.Nxd6 Rxc1+
24.Rxc1 Qb4 25.Nf5 Qxe4 26.Qg5 g6 27.Nh6+ Kg7 28.Nh4 Ng8 29.N4f5+ Kh8 30.Rc8 Qe1+
31.Kg2 Qe4+ 32.Kg1 Qe1+ 33.Kg2 Qe4+ 34.Kh3 Qxf5+ 35.Qxf5 gxf5 36.Rxf8 Kg7
37.Rxg8+ Kxh6 38.d6 Nc5 39.Rc8  1-0

[Event "TCh-AUT 2012-13"]
[Site "Graz AUT"]
[Date "2013.01.20"]
[Round "7.4"]
[White "Juhasz,Kr"]
[Black "Bindrich,F"]
[Result "0-1"]
[WhiteElo "2350"]
[BlackElo "2545"]

1.d4 Nf6 2.c4 e6 3.Nf3 Bb4+ 4.Bd2 c5 5.Bxb4 cxb4 6.e3 O-O 7.Be2 d6 8.a3 bxa3
9.Rxa3 Nc6 10.O-O a5 11.Nc3 Nb4 12.Na2 Nxa2 13.Rxa2 Bd7 14.Ra3 Bc6 15.Qa1 b6
16.Nd2 e5 17.Bf3 Qc7 18.Rc3 Rfe8 19.Qb1 exd4 20.exd4 h6 21.b3 Bxf3 22.Nxf3 Re2
23.Re1 Rae8 24.Rxe2 Rxe2 25.Re3 Rxe3 26.fxe3 Qe7 27.Qd3 Ne4 28.g3 Qe6 29.Kg2 Qf5
30.Qe2 g6 31.Ne1 h5 32.Qf3 Nd2 33.Qxf5 gxf5 34.Nc2 Nxb3 35.Na3 Nd2 36.Kf2 Kg7
37.Ke2 Ne4 38.Kf3 Nc3 39.Kf4 Kf6 40.h3 a4 41.g4 fxg4 42.hxg4 hxg4 43.Kxg4 Ke6
44.Kf4 d5  0-1

[Event "TCh-AUT 2012-13"]
[Site "Graz AUT"]
[Date "2013.01.20"]
[Round "7.1"]
[White "Ragger,M"]
[Black "Antoniewski,R"]
[Result "1/2-1/2"]
[WhiteElo "2655"]
[BlackElo "2557"]

1.d4 Nf6 2.c4 e6 3.Nf3 Bb4+ 4.Bd2 c5 5.Bxb4 cxb4 6.g3 O-O 7.Bg2 d6 8.O-O Qe7
9.a3 bxa3 10.Rxa3 Nc6 11.Nc3 a5 12.Qd2 Nb4 13.Ne1 Qc7 14.b3 Bd7 15.Nd3 Nxd3
16.Qxd3 Rac8 17.Rc1 b6 18.e4 e5 19.Ra2 Rfd8 20.Rd2 b5 21.cxb5 exd4 22.Ne2 Qb6
23.Rxc8 Rxc8 24.Nxd4 Rc1+ 25.Rd1 Rxd1+ 26.Qxd1 h6 27.h3 Bxb5 28.Nxb5 Qxb5
29.Qxd6 Nh7 30.Qd1 Nf8 31.Kh2 g5 32.Bf1 Qb7 33.Qf3 Ng6 34.Qe3 Qc7 35.Bc4 a4
36.Bd5 axb3 37.Bxb3 Qe7 38.Bd1 Qf6 39.Bh5 Kg7 40.Kg2 Qe5 41.Qd3 Nf8 42.Qc4 Ng6
43.Qc6 Ne7 44.Qb7 Ng6 45.Bg4 Ne7 46.Bh5 Ng6 47.Be2 Kf8 48.Bc4 Ne7 49.Ba2 Kg7
50.Bd5 h5 51.Qb3 h4 52.gxh4 Ng6 53.hxg5 Nf4+ 54.Kf3 Nxh3 55.Qe3 Nxg5+ 56.Ke2 Ne6
57.Bxe6 Qxe6 58.Qg5+ Kf8 59.Ke3 Qb6+ 60.Kf3 Qd6 61.Qd5 Qf6+ 62.Ke2 Qb2+ 63.Qd2 Qb6
64.f4 Qb5+ 65.Qd3 Qh5+ 66.Qf3 Qb5+ 67.Kf2 Qb2+ 68.Qe2 Qh8 69.Kg2 Qg7+ 70.Kf3 Qc3+
71.Qe3 Qc4 72.f5 Qf1+ 73.Kg3 Qh1 74.e5 Qh5 75.Qf4 Qh1 76.Qb4+ Kg8 77.Qd2 Qg1+
78.Qg2 Qe3+ 79.Kh4+ Kh7 80.Qg3 Qh6+ 81.Kg4 f6 82.Kf3 Qh5+ 83.Ke4 fxe5 84.Qxe5 Qf7
85.f6 Qc4+ 86.Kf5 Qc8+ 87.Kf4 Qc1+ 88.Kg4 Kg6 89.Qe4+ Kxf6 90.Qf4+ Qxf4+
91.Kxf4  1/2-1/2

[Event "13th ch-CRO 2013"]
[Site "Plitvicka Jezera CRO"]
[Date "2013.01.23"]
[Round "3.3"]
[White "Kozul,Z"]
[Black "Stevic,H"]
[Result "0-1"]
[WhiteElo "2637"]
[BlackElo "2618"]

1.d4 Nf6 2.Nf3 e6 3.c4 Bb4+ 4.Bd2 a5 5.g3 c5 6.Bg2 Nc6 7.dxc5 Bxc5 8.O-O O-O
9.Nc3 h6 10.Bf4 d6 11.b3 e5 12.Bd2 Be6 13.e4 a4 14.Rb1 axb3 15.axb3 Qd7 16.Qe1 Bg4
17.Nb5 Ra2 18.Bc3 Rfa8 19.Rd1 Rc2 20.b4 Raa2 21.bxc5 Re2 22.Nxd6 Rxe1 23.Rfxe1 Qe6
24.Ra1 Rc2 25.Re3 Bxf3 26.Bxf3 Nd4 27.Bxd4 exd4 28.Rd3 Rc3 29.Ra8+ Kh7 30.Ra3 Rxa3
31.Rxa3 Nd7 32.Nxb7 Qxc4 33.Kg2 Ne5  0-1

[Event "13th ch-CRO 2013"]
[Site "Plitvicka Jezera CRO"]
[Date "2013.01.24"]
[Round "4.2"]
[White "Jovanic,O"]
[Black "Palac,M"]
[Result "1/2-1/2"]
[WhiteElo "2547"]
[BlackElo "2579"]

1.d4 Nf6 2.c4 e6 3.Nf3 Bb4+ 4.Bd2 Qe7 5.g3 Bxd2+ 6.Qxd2 Nc6 7.Nc3 d5 8.Ne5 dxc4
9.Nxc6 bxc6 10.Bg2 O-O 11.Bxc6 Rb8 12.O-O Rd8 13.Rfd1 Qd6 14.Bf3 c5 15.d5 exd5
16.Nxd5 Bb7 17.e4 Bxd5  1/2-1/2

[Event "TCh-CZE Div1 Zapad 2012-13"]
[Site "Czech Republic CZE"]
[Date "2013.01.27"]
[Round "6.1"]
[White "Vokac,M"]
[Black "Stocek,J"]
[Result "0-1"]
[WhiteElo "2471"]
[BlackElo "2557"]

1.d4 Nf6 2.c4 e6 3.Nf3 Bb4+ 4.Bd2 a5 5.g3 O-O 6.Bg2 d5 7.O-O h6 8.Qc2 Bd7
9.cxd5 exd5 10.Bf4 Na6 11.a3 Be7 12.Nc3 c6 13.Rad1 Re8 14.Ne5 Be6 15.Rfe1 Qb6
16.h3 Rac8 17.Be3 Nd7 18.Nd3 Bf5 19.Qc1 Nf6 20.g4 Bh7 21.Ne5 Qd8 22.f4 Bd6
23.Bf2 b5 24.Bh4 b4 25.Na4 Qc7 26.e3 Ne4 27.Bf1 Qb7 28.Nd3 c5 29.Naxc5 Naxc5
30.dxc5 Bxc5 31.Nxc5 Rxc5 32.Qa1 g5 33.Bf2 Nxf2 34.Kxf2 Rc2+ 35.Kg3 Qb6 36.Rd4 Rxe3+
37.Rxe3 Qxd4  0-1

[Event "TCh-HUN 2012-13"]
[Site "Dunaharaszti HUN"]
[Date "2013.01.27"]
[Round "6"]
[White "Bodiroga,P"]
[Black "Berczes,C"]
[Result "0-1"]
[WhiteElo "2394"]
[BlackElo "2388"]

1.d4 Nf6 2.c4 e6 3.Nf3 Bb4+ 4.Bd2 Qe7 5.g3 Nc6 6.Nc3 Bxc3 7.Bxc3 Ne4 8.Qc2 Nxc3
9.Qxc3 Qb4 10.Qxb4 Nxb4 11.Kd2 b6 12.e4 Bb7 13.d5 f5 14.Kc3 a5 15.dxe6 dxe6
16.Ng5 Ke7 17.Bg2 Rad8 18.Rhd1 Nxa2+ 19.Kb3 Nb4 20.Nxe6 Rxd1 21.Rxd1 Kxe6
22.exf5+ Ke7 23.Bxb7 c6 24.Re1+ Kd7 25.Re4 Rf8 26.Rg4 Rf7 27.f6 g6 28.Rd4+ Kc7
29.Re4 Rxf6 30.Re7+ Kd6 31.Rxh7 Rf3+ 32.Ka4 Rxf2 33.Kb3 Rf8 34.Rh6 Rf3+ 35.Ka4 Kc7
36.Rh7+ Kb8 37.Bxc6 Nxc6 38.Kb5 Ne5 39.Kxb6 Nxc4+ 40.Kb5 Nxb2 41.Kxa5 Kc8
42.Rg7 Rf6 43.Kb4 Kd8 44.Kc3 Nd1+ 45.Kd2 Nf2 46.Ke2 Ke8 47.Kf1 Ng4+ 48.Kg2 Ne3+
49.Kh3 g5 50.Rh7 Kf8 51.Rh5 Ke7 52.Rh8 Kd7 53.Rh7+ Kd6 54.Rh8 Kd5 55.Rh7 Kc4  0-1

[Event "13th ch-CRO 2013"]
[Site "Plitvicka Jezera CRO"]
[Date "2013.01.27"]
[Round "7.6"]
[White "Jovanic,O"]
[Black "Zelcic,R"]
[Result "1-0"]
[WhiteElo "2547"]
[BlackElo "2543"]

1.d4 Nf6 2.c4 e6 3.Nf3 Bb4+ 4.Bd2 a5 5.a3 Bxd2+ 6.Qxd2 d5 7.Nc3 O-O 8.e3 Qe7
9.Rc1 dxc4 10.Bxc4 Rd8 11.Qc2 c5 12.O-O cxd4 13.exd4 b6 14.d5 Ba6 15.Bxa6 Nxa6
16.dxe6 Qxe6 17.Rfe1 Qd6 18.Na4 b5 19.Red1 Qf8 20.Nb6 Rab8 21.Rxd8 Rxd8 22.h3 Rb8
23.Qc6 b4 24.Nc8 bxa3 25.bxa3 Qxa3 26.Re1 Qc5 27.Ne7+ Kf8 28.Qxa6 Re8 29.Nc6 Re6
30.Rxe6 fxe6 31.Ncd4 Qc1+ 32.Kh2  1-0

[Event "Asian Zone 3.3"]
[Site "Tagaytay City PHI"]
[Date "2013.01.29"]
[Round "9.3"]
[White "Megaranto,S"]
[Black "Antonio,R"]
[Result "1/2-1/2"]
[WhiteElo "2529"]
[BlackElo "2541"]

1.d4 Nf6 2.Nf3 e6 3.c4 Bb4+ 4.Bd2 Bxd2+ 5.Qxd2 O-O 6.Nc3 d5 7.e3 Qe7 8.Rc1 dxc4
9.Bxc4 Rd8 10.O-O c5 11.Qe2 Nc6 12.dxc5 Qxc5 13.Rfd1 Bd7 14.Bd3 Qh5 15.Ne4 Nxe4
16.Bxe4 Be8 17.Rxd8 Rxd8 18.Rd1 Rxd1+ 19.Qxd1 Qc5 20.h3 g6 21.Qd2 Kf8 22.a3 a5
23.Nd4 Nxd4 24.exd4 Qc7 25.Bf3 b6 26.d5 exd5 27.Bxd5 Qe5 28.Bf3 Kg7 29.h4 h5
30.g3 Qc5  1/2-1/2

[Event "18th HIT Open A 2013"]
[Site "Nova Gorica SLO"]
[Date "2013.01.30"]
[Round "8.24"]
[White "Drobnic,Milan"]
[Black "Franca,Veronika"]
[Result "1/2-1/2"]
[WhiteElo "1733"]
[BlackElo "1948"]

1.d4 Nf6 2.c4 e6 3.Nf3 Bb4+ 4.Bd2 Qe7 5.a3 Bxd2+ 6.Nbxd2 d6 7.e3 O-O 8.Bd3 e5
9.dxe5 dxe5 10.Ne4 Nxe4 11.Bxe4 c6 12.O-O Bg4 13.h3 Bxf3 14.Bxf3 e4 15.Be2 Nd7
16.Qc2 f5 17.Rad1 Ne5 18.Rd4 Rf6 19.Rfd1 Rg6 20.Kh1 Rh6 21.Bf1 g5 22.c5 Kg7
23.Qc3 Rf6 24.Rd6 Raf8 25.b4 Kg6  1/2-1/2

[Event "13th ch-CRO 2013"]
[Site "Plitvicka Jezera CRO"]
[Date "2013.01.30"]
[Round "10.5"]
[White "Kozul,Z"]
[Black "Palac,M"]
[Result "1/2-1/2"]
[WhiteElo "2637"]
[BlackElo "2579"]

1.d4 Nf6 2.c4 e6 3.Nf3 Bb4+ 4.Bd2 Qe7 5.g3 Bxd2+ 6.Qxd2 Nc6 7.Nc3 d5 8.Ne5 dxc4
9.f4 Nxe5 10.fxe5 Nd7 11.Bg2 O-O 12.O-O Rb8 13.Ne4 a6 14.Rf4 f5 15.exf6 Nxf6
16.Raf1 Bd7 17.Nxf6+ Rxf6 18.Rxf6 gxf6 19.Qf4 Bc6 20.Qxf6 Qxf6 21.Rxf6 Bxg2
22.Kxg2 Re8 23.Kf3 Rf8 24.Rxf8+ Kxf8 25.e4 b5 26.Ke3  1/2-1/2

[Event "6th Gora Sw Anny OpA"]
[Site "Gora Swietej Anny POL"]
[Date "2013.02.01"]
[Round "8.3"]
[White "Orzech,D"]
[Black "Kveinys,A"]
[Result "1/2-1/2"]
[WhiteElo "2372"]
[BlackElo "2527"]

1.d4 Nf6 2.Nf3 e6 3.c4 Bb4+ 4.Bd2 a5 5.Nc3 b6 6.g3 Ba6 7.b3 c6 8.a3 Be7 9.e4 d5
10.e5 Ne4 11.cxd5 Nxc3 12.Bxc3 Qxd5 13.Bxa6 Nxa6 14.O-O O-O 15.Nd2 Nc7 16.Nc4 Rfb8
17.a4 b5 18.axb5 Nxb5 19.Ne3 Qe4 20.Qd2 Bb4 21.Bxb4 axb4 22.Nc2 Rxa1 23.Rxa1 Rd8
24.Qg5 Rc8 25.Qd2 Rd8 26.Qg5 Qd5 27.Nxb4 Qxd4 28.Rc1 h6 29.Qf4 Qxf4 30.gxf4 Rd4
31.Nxc6  1/2-1/2

[Event "ch-TUR 2013"]
[Site "Antalya TUR"]
[Date "2013.02.02"]
[Round "1.30"]
[White "Isik,R"]
[Black "Kayar,E"]
[Result "0-1"]
[WhiteElo "1695"]
[BlackElo "2087"]

1.d4 Nf6 2.c4 e6 3.Nf3 Bb4+ 4.Bd2 Qe7 5.Nc3 b6 6.Nb5 Bxd2+ 7.Nxd2 d6 8.e4 c6
9.Nc3 e5 10.d5 O-O 11.Be2 cxd5 12.cxd5 Ba6 13.O-O Rc8 14.Rc1 Qb7 15.Re1 Nbd7
16.b4 Bxe2 17.Qxe2 a6 18.Nc4 Qc7 19.h3 Qxc4 20.Qb2 a5 21.bxa5 bxa5 22.Nb5 Qb4
23.Qxb4 axb4 24.Nxd6 Rxc1 25.Rxc1 Rxa2 26.Rc8+ Nf8 27.Rb8 Ra1+ 28.Kh2 Rb1
29.Nc4 Nd7 30.Rb7 g6 31.f4 f6 32.fxe5 fxe5 33.d6 Re1 34.Nd2 Re2 35.Nf3 Rxe4
36.Ng5 Rd4 37.Nf3 Rc4 38.Nd2 Rd4 39.Nf3 Rc4 40.Nd2 Rc2 41.Nf3 e4 42.Nd4 Rc4
43.Ne2 e3 44.Kg3 Nc5 45.Rb8 Ne4+ 46.Kf3 Nxd6 47.Kxe3 Kf7 48.Kd3 Nd7 49.Rh8 Kg7
50.Rd8 Nc5+ 51.Kd2 Nde4+ 52.Ke3 b3 53.Rb8 Nf6 54.Nf4 Re4+ 55.Kf3 b2 56.g3 g5
57.Ne2 Nd3 58.Nc3 Rb4 59.Rd8 Ne5+  0-1

[Event "TCh-SWE Elite 2012-13"]
[Site "Sweden SWE"]
[Date "2013.02.02"]
[Round "5"]
[White "Brynell,S"]
[Black "Kockum,A"]
[Result "1-0"]
[WhiteElo "2500"]
[BlackElo "2357"]

1.d4 Nf6 2.c4 e6 3.Nf3 Bb4+ 4.Bd2 c5 5.Bxb4 cxb4 6.e3 O-O 7.Be2 a5 8.O-O d6
9.a3 Na6 10.Nbd2 b6 11.Ne1 Bb7 12.Nd3 bxa3 13.bxa3 Qc7 14.Bf3 Rab8 15.Rb1 d5
16.Qb3 Ne4 17.Bxe4 dxe4 18.Nf4 Bc6 19.Rfc1 Qe7 20.d5 Nc5 21.Qc3 e5 22.Ne2 Bd7
23.Rd1 Ba4 24.Rf1 Rfc8 25.Ng3 Bd7 26.Ndxe4 f5 27.Nxc5 Rxc5 28.f4 e4 29.Qd4 Qf6
30.Qxc5 bxc5 31.Rxb8+ Kf7 32.Rc1 Ke7 33.Nf1 g5 34.fxg5 Qxg5 35.Re1 Qf6 36.Rc1 f4
37.exf4 Qxf4 38.Rbb1 Bg4 39.Re1 Kd7 40.Rb3 Bf5 41.Ne3 Bg6 42.Rb5 Qh4 43.Re2 Qf6
44.Rb7+ Kc8 45.Rb1 Qc3 46.a4 Be8 47.Nf5 Qe5 48.Rxe4 Qxf5 49.Rxe8+ Kd7 50.Rbe1 Qc2
51.R8e7+ Kd8 52.Re8+ Kd7 53.R8e7+ Kd8 54.Ra7 Qxc4 55.Rf1 Qd4+ 56.Kh1 Ke8
57.Rb1 Qe5 58.Rxh7 c4 59.Rb8+  1-0

[Event "ch-TUR 2013"]
[Site "Antalya TUR"]
[Date "2013.02.03"]
[Round "2.3"]
[White "Aysoy,V"]
[Black "Esen,B"]
[Result "0-1"]
[WhiteElo "1885"]
[BlackElo "2565"]

1.d4 Nf6 2.c4 e6 3.Nf3 Bb4+ 4.Bd2 a5 5.e3 d6 6.a3 Bxd2+ 7.Nbxd2 Qe7 8.b3 e5
9.dxe5 dxe5 10.Qc2 O-O 11.Be2 c5 12.Ne4 Nxe4 13.Qxe4 Nc6 14.Qh4 Qxh4 15.Nxh4 a4
16.bxa4 Rxa4 17.O-O e4 18.f4 Na5 19.Rfc1 Be6 20.f5 Bd7 21.g4 g5 22.Ng2 Nb3
23.Bd1 Nxa1 24.Bxa4 Bxa4 25.Rxa1 Rd8 26.Rb1 Rd1+ 27.Rxd1 Bxd1 28.h3 Kf8 29.Kf2 Ke7  0-1

[Event "35th Georgi Tringov Open"]
[Site "Plovdiv BUL"]
[Date "2013.02.05"]
[Round "4.12"]
[White "Grigorov,G"]
[Black "Veleski,R"]
[Result "1-0"]
[WhiteElo "2513"]
[BlackElo "2282"]

1.d4 Nf6 2.c4 e6 3.Nf3 Bb4+ 4.Bd2 Qe7 5.g3 O-O 6.Bg2 Bxd2+ 7.Qxd2 d6 8.Nc3 Nbd7
9.O-O e5 10.e4 Nb6 11.b3 Bg4 12.Ne1 c5 13.dxc5 dxc5 14.Nd3 Rad8 15.Nd5 Nfxd5
16.cxd5 c4 17.Nb2 Rc8 18.Rac1 cxb3 19.axb3 Rxc1 20.Rxc1 Rc8 21.Nd3 Rxc1+
22.Qxc1 Be2 23.Qc5 Qe8 24.Nc1 Ba6 25.Bh3 h6 26.Qc7 Na8 27.Qc5 Nb6 28.Qd6 g6
29.Na2 Qb5 30.Nb4 Qe2 31.Nxa6 Qxa6 32.Qxe5 Qd3 33.Qb8+ Kg7 34.Qxa7 Qxb3 35.Qxb7 Qd1+
36.Bf1 Nc4 37.Qb5 Nd2 38.Qd3 Nf3+ 39.Kh1 Qxd3 40.Bxd3 Kf6 41.Bf1 Ke7 42.Bg2 Nd2
43.f4 f6 44.Kg1 Kd6 45.Kf2 Kc5 46.h4 g5 47.e5 gxf4 48.d6 Kb6 49.exf6 fxg3+
50.Kxg3 Nc4 51.f7  1-0

[Event "Asian Zonal 3.2 2013"]
[Site "Thulhiriya City PHI"]
[Date "2013.02.05"]
[Round "5.14"]
[White "Rajapaksha,RMCM"]
[Black "Wimalasuriya,Kasun M."]
[Result "1-0"]
[WhiteElo "2110"]
[BlackElo "1863"]

1.d4 Nf6 2.c4 e6 3.Nf3 Bb4+ 4.Bd2 Qe7 5.g3 b6 6.Bg2 Bb7 7.O-O O-O 8.Nc3 d6
9.Qc2 Nbd7 10.Rfe1 a5 11.e4 e5 12.a3 Bxc3 13.Bxc3 c5 14.d5 Nh5 15.Qe2 g6
16.Nd2 Qg5 17.Qe3 Qxe3 18.Rxe3 h6 19.Bf3 Ng7 20.Bd1 f6 21.Bg4 Rfd8 22.Rf1 Nf8
23.f4 Nh7  1-0

[Event "ch-TUR 2013"]
[Site "Antalya TUR"]
[Date "2013.02.06"]
[Round "7.45"]
[White "Araboga,M"]
[Black "Dogdu,M"]
[Result "0-1"]
[WhiteElo "1778"]
[BlackElo "2062"]

1.d4 Nf6 2.c4 e6 3.Nf3 Bb4+ 4.Bd2 Qe7 5.a3 Bxd2+ 6.Nbxd2 d6 7.e3 O-O 8.Bd3 e5
9.dxe5 dxe5 10.Qc2 a5 11.O-O Nbd7 12.Ng5 h6 13.Nge4 Nxe4 14.Nxe4 a4 15.Rad1 f5
16.Nc3 Nc5 17.Nd5 Qf7 18.f4 e4 19.Be2 Be6 20.Qc3 c6 21.Nb4 Rad8 22.h3 g6
23.Kf2 Qg7 24.Qc2 Qe7 25.g3 Kh7 26.Rxd8 Rxd8 27.Rd1 Rxd1 28.Qxd1 g5 29.Qd4 gxf4
30.exf4 Nb3 31.Qe5 Nc1 32.c5 Qd7 33.Qd6 Qf7 34.Bd1 Qf6 35.Qe5 Qxe5 36.fxe5 Bb3
37.Bh5 Kg7 38.Ke3 Bc4 39.Be8 Bf1 40.h4 Bh3 41.Bh5 Nb3 42.Be2 Nxc5 43.Nc2 Nd7
44.Kd4 Kf7 45.Ne3 b5 46.Bh5+ Ke6 47.g4 c5+ 48.Kc3 f4 49.Nf5 Nxe5 50.Nxh6 b4+
51.axb4 cxb4+ 52.Kxb4 e3 53.g5 f3 54.g6 Kf6 55.Kxa4 e2  0-1

[Event "ch-TUR 2013"]
[Site "Antalya TUR"]
[Date "2013.02.08"]
[Round "10.24"]
[White "Arslan,Erda"]
[Black "Ersoy,E"]
[Result "1-0"]
[WhiteElo "2067"]
[BlackElo "1793"]

1.d4 e6 2.Nf3 Nf6 3.c4 Bb4+ 4.Bd2 Qe7 5.a3 Bxd2+ 6.Qxd2 Nc6 7.b4 b6 8.e3 d6
9.Be2 O-O 10.O-O e5 11.d5 Nb8 12.Nc3 a5 13.h3 Bb7 14.e4 Na6 15.Rab1 axb4
16.axb4 Nb8 17.Rfc1 Nbd7 18.Ne1 Rfd8 19.Nc2 Nf8 20.Ne3 Ng6 21.Nf5 Qf8 22.g3 Bc8
23.Kh2 Nxe4 24.Nh6+ gxh6 25.Nxe4 f5 26.Nc3 f4 27.Bd3 Bf5 28.Rg1 Kh8 29.Bxf5 Qxf5
30.Nb5 Rd7 31.Ra1 Rf8 32.Ra7 Qe4 33.Qa2 fxg3+ 34.fxg3 Qe3 35.Rg2 Rf1 36.Qd2 Qxd2
37.Rxd2 Rff7 38.Kg2 Rde7 39.Rf2 e4 40.Rxf7 Rxf7 41.Nxd6 Re7 42.Ra8+ Kg7 43.Nf5+ Kf7
44.Nxe7 Kxe7 45.c5 bxc5 46.bxc5 Kf6 47.Re8 Ne5 48.d6 cxd6 49.cxd6 Nd7 50.Rxe4 Nc5
51.Re7 Ne6 52.Rxh7 Kg6 53.Re7 Kf6 54.Kf3 Nd4+ 55.Kg4 Nb5 56.Rb7 Nxd6 57.Rb6 Ke6
58.Kh5  1-0

[Event "ch-TUR 2013"]
[Site "Antalya TUR"]
[Date "2013.02.08"]
[Round "10.50"]
[White "Taze,Bulent"]
[Black "Bircan,Selim"]
[Result "1-0"]
[WhiteElo "1791"]
[BlackElo "1975"]

1.d4 Nf6 2.Nf3 e6 3.c4 Bb4+ 4.Bd2 a5 5.Nc3 b6 6.e3 Ba6 7.Qc2 d5 8.a3 Be7
9.Ne5 O-O 10.Rc1 c5 11.dxc5 bxc5 12.cxd5 Bxf1 13.Kxf1 exd5 14.Na4 Nfd7 15.Nxd7 Nxd7
16.g3 d4 17.exd4 cxd4 18.Qc7 Bf6 19.Qxd8 Rfxd8 20.Kg2 Re8 21.Rhe1 Kf8 22.b4 Rxe1
23.Rxe1 Be7 24.bxa5 Bxa3 25.Nb6 Nxb6 26.axb6 Rb8 27.Rb1 Bd6 28.Kf3 Ke8 29.Ke4 Kd7
30.Kd5 Rb7 31.Ba5 Bc7 32.Kxd4 Kc8 33.Kc5 Bd8 34.Kc6 Kb8 35.Re1 Re7 36.Rxe7 Bxe7
37.b7  1-0

[Event "TCh-FIN SM 2012-13"]
[Site "Joensuu FIN"]
[Date "2013.02.10"]
[Round "11.3"]
[White "Lehtivaara,P"]
[Black "Jouhki,Y"]
[Result "0-1"]
[WhiteElo "2309"]
[BlackElo "2276"]

1.d4 Nf6 2.c4 e6 3.Nf3 Bb4+ 4.Bd2 a5 5.g3 d6 6.Bg2 Nbd7 7.O-O e5 8.e3 Bxd2
9.Qxd2 O-O 10.Nc3 Re8 11.b3 h6 12.Qc2 c6 13.e4 Qb6 14.Rad1 Qb4 15.h3 Nf8
16.d5 Bd7 17.Ne1 cxd5 18.exd5 Bf5 19.Qd2 Qc5 20.Nd3 Qc8 21.Kh2 Bd7 22.f4 e4
23.Nc1 a4 24.Rde1 axb3 25.axb3 b5 26.Qd4 bxc4 27.bxc4 Rb8 28.N1a2 Rb2 29.Re2 Rxe2
30.Nxe2 Qa6 31.Nb4 Qa4 32.Qc3 Qa7 33.Nc2 Rc8 34.Ne3 Qa2 35.Nd4 Ra8 36.Ndc2 Qa7
37.Ra1 Qb8 38.Rxa8 Qxa8 39.Qb4 Qa6 40.Qb8 h5 41.Bf1 Ba4 42.Nd4 Bd7 43.Qb2 Qa5
44.Ndf5 Qe1 45.Qe2 Qb4 46.Ne7+ Kh7 47.g4 Ng6 48.Nxg6 fxg6 49.Bg2 hxg4 50.hxg4 Qc3
51.Bh3 Kg8 52.Nd1 Qd4 53.Kg3 g5 54.fxg5 Nh7 55.Ne3 Nxg5 56.Qf2 Nf3 57.Kg2 g5
58.Qe2 Qe5 59.Nf1 Qf4 60.Ng3 Nh4+ 61.Kh2 e3 62.Qb2 Nf3+ 63.Kg2 Nd4 64.Qb8+ Kf7
65.Qh8 Qf2+ 66.Kh1 Qxg3 67.Qh7+ Kf6 68.Qh6+ Ke5 69.Qg7+ Ke4 70.Bg2+ Kd3 71.Qxd7 Qh4+
72.Kg1 Ne2+  0-1

[Event "e2e4 Torquay Open"]
[Site "Torquay ENG"]
[Date "2013.02.10"]
[Round "5"]
[White "Mackle,Dominic"]
[Black "Arkell,K"]
[Result "0-1"]
[WhiteElo "2233"]
[BlackElo "2472"]

1.d4 Nf6 2.c4 e6 3.Nf3 Bb4+ 4.Bd2 Qe7 5.g3 Nc6 6.Bg2 Bxd2+ 7.Nbxd2 d6 8.O-O a5
9.e4 e5 10.d5 Nb8 11.Ne1 h5 12.f4 h4 13.fxe5 dxe5 14.Nd3 hxg3 15.hxg3 Ng4
16.Nf3 Nd7 17.Qa4 Kf8 18.Qa3 c5 19.Qc3 Rh5 20.Rae1 Qd6 21.Qd2 Ndf6 22.Nh4 g6
23.Bf3 Kg7 24.Nf2 Bd7 25.Nxg4 Bxg4 26.Bxg4 Nxg4 27.Kg2 b6 28.Qe2 Nh6 29.Rh1 Rh8
30.Nf3 Ng4 31.Rxh5 Rxh5 32.Rh1 Rxh1 33.Kxh1 f5 34.Kg2 Qf6 35.exf5 gxf5 36.Nh2 Nh6
37.Qd2 Nf7 38.Nf3 Qg6 39.Qc3 Kf6 40.Qb3 Ke7 41.Nh4 Qf6 42.d6+ Nxd6 43.Qxb6 e4
44.Qxc5 f4 45.Qc7+ Ke6 46.c5 f3+ 47.Kh3 Nc4 48.Qc8+ Kd5 49.Nf5 f2 50.Qd7+ Kxc5
51.Qc7+ Kd5 52.Qd7+ Nd6 53.Ne3+ Kd4 54.Qa7+ Kd3  0-1

[Event "ch-CUB Men Final 2013"]
[Site "Santa Clara CUB"]
[Date "2013.02.13"]
[Round "7.4"]
[White "Otero Acosta,D"]
[Black "Hernandez Carmenates,Hold"]
[Result "0-1"]
[WhiteElo "2461"]
[BlackElo "2541"]

1.d4 Nf6 2.c4 e6 3.Nf3 Bb4+ 4.Bd2 c5 5.Bxb4 cxb4 6.g3 O-O 7.Bg2 a5 8.O-O d6
9.a3 Na6 10.Qd3 Qc7 11.Nbd2 Bd7 12.e4 e5 13.c5 dxc5 14.dxe5 Ne8 15.a4 Rd8
16.Qe2 Nb8 17.Rfd1 Nc6 18.Nc4 Bg4 19.Rd5 f6 20.Rad1 Nd4 21.Nxd4 Bxe2 22.Nxe2 Qf7
23.e6 Qxe6 24.Rxd8 Qxc4 25.Nf4 g5 26.e5 Nc7 27.R8d7 gxf4 28.Rxc7 Qc2 29.Rdd7 Qb1+
30.Bf1 fxe5 31.g4 Kh8 32.f3 h5 33.g5 h4 34.Kg2 h3+ 35.Kf2 Qxb2+ 36.Ke1 Qc1+
37.Ke2 Qc2+ 38.Ke1 Qc1+ 39.Ke2 Qe3+ 40.Kd1 Qxf3+ 41.Kc2 Qh5 42.Bc4 Qg6+ 43.Kb2 f3
44.Rxc5 e4 45.Re7 Re8 46.Rf7 Qxf7 47.Bxf7 Re7 48.g6 Kg7 49.Rh5 e3 50.Rh7+ Kf6
51.Bd5 Re8 52.Bxf3 e2 53.Bxe2 Rxe2+ 54.Kb3 Rxh2 55.Rxb7 Rg2 56.Rb6+ Kg7 57.Rb5 h2
58.Rh5 Kxg6  0-1

[Event "62nd ch-BUL w SF 2013"]
[Site "Plovdiv BUL"]
[Date "2013.02.15"]
[Round "7.3"]
[White "Bureva,Radilena"]
[Black "Salimova,Nurgyul"]
[Result "0-1"]
[WhiteElo "1438"]
[BlackElo "1780"]

1.d4 Nf6 2.c4 e6 3.Nf3 Bb4+ 4.Bd2 Qe7 5.g3 O-O 6.Bg2 Bxd2+ 7.Qxd2 d6 8.O-O Nbd7
9.Nc3 e5 10.dxe5 Nxe5 11.Nxe5 Qxe5 12.Qc2 c6 13.Rad1 Be6 14.b3 Rad8 15.e4 Qh5
16.Rfe1 Ng4 17.h3 Nf6 18.Qe2 Qa5 19.Qe3 Rfe8 20.Qc1 Qc5 21.Rd3 Nd7 22.Red1 Ne5
23.R3d2 h5 24.Na4 Qa5 25.Rxd6 Rxd6 26.Rxd6 Nxc4 27.Rd4 Nb6 28.Nxb6 Qxb6 29.Qd2 c5
30.Rd6 Qc7 31.Kh2 c4 32.bxc4 Qxc4 33.Rd8 Rxd8 34.Qxd8+ Kh7 35.Qd2 Qxa2 36.Qe3 a5
37.Qb6 a4 38.Bf1 a3 39.Bd3 Qb3 40.Qd4 a2 41.e5+ g6 42.Be4 Qb1 43.Bxb1 axb1=Q
44.f4 Qc2+ 45.Kg1 Bxh3  0-1

[Event "e2e4 Brighton Masters 2013"]
[Site "Brighton ENG"]
[Date "2013.02.17"]
[Round "3"]
[White "Arvola,B"]
[Black "Gormally,D"]
[Result "0-1"]
[WhiteElo "2346"]
[BlackElo "2500"]

1.d4 Nf6 2.c4 e6 3.Nf3 Bb4+ 4.Bd2 c5 5.g3 b6 6.Bg2 Bb7 7.O-O Bxd2 8.Qxd2 cxd4
9.Qxd4 Nc6 10.Qf4 Qb8 11.Qxb8+ Rxb8 12.Nc3 Ke7 13.Rfd1 Rhc8 14.Rac1 a6 15.b3 Ba8
16.Ng5 Ne5 17.Bxa8 Rxa8 18.Nge4 Nxe4 19.Nxe4 f5 20.Nd2 b5 21.f4 Ng4 22.e4 fxe4
23.c5 e3 24.Ne4 Rc6 25.Rd3 b4 26.h3 Nf6 27.Rxe3 Nd5 28.Re2 a5 29.a4 bxa3
30.Ra2 Rb8 31.Rxa3 Rb5 32.Kf2 Nb4 33.Ke3 Nd5+ 34.Kd4 Nc7 35.Nd6 Rb4+ 36.Rc4 Nb5+
37.Nxb5 Rxb5 38.Rc3 Kf6 39.g4 d6 40.f5 Rcxc5 41.Rxc5 Rxc5 42.fxe6 Kxe6 43.Ra1 Rd5+
44.Kc4 Re5 45.Kd4 h5 46.gxh5 Rxh5 47.Re1+ Re5 48.Rg1 g5 49.Rg3 Kf5 50.Rg4 Rb5
51.Kc3 Rc5+ 52.Kd3 Rc1 53.Ra4 Rh1 54.Rxa5+ Kf4 55.Rd5 Rxh3+ 56.Ke2 Rxb3 57.Rxd6 Kg3
58.Rg6 g4 59.Rg8 Rf3 60.Rg7 Rf5 61.Rg8 Kh3 62.Ke3 g3 63.Ke4 Rf2 64.Ke3 Rf6
65.Ke2 Kg2 66.Ke3 Kh2 67.Rh8+ Kg1 68.Rg8 g2 69.Ke2 Re6+ 70.Kd3 Re5 71.Rh8 Kf2
72.Rf8+ Kg3  0-1

[Event "62nd ch-BUL w SF 2013"]
[Site "Plovdiv BUL"]
[Date "2013.02.17"]
[Round "9.4"]
[White "Ivanova,Si"]
[Black "Salimova,Nurgyul"]
[Result "1/2-1/2"]
[WhiteElo "2004"]
[BlackElo "1780"]

1.d4 Nf6 2.c4 e6 3.Nf3 Bb4+ 4.Bd2 Qe7 5.g3 Nc6 6.Nc3 Bxc3 7.Bxc3 Ne4 8.Rc1 Nxc3
9.Rxc3 d6 10.d5 Nb8 11.dxe6 Bxe6 12.Nd4 O-O 13.Bg2 Bc8 14.O-O Na6 15.Nc2 Re8
16.Re1 Nc5 17.b4 Nd7 18.Ne3 a5 19.Nd5 Qd8 20.a3 axb4 21.axb4 Nf6 22.Qc2 Re5
23.f4 Re8 24.e4 c6 25.Nxf6+ Qxf6 26.Qd2 Ra2 27.Qd3 Rb2 28.Rb3 Rxb3 29.Qxb3 Qd4+
30.Kh1 Be6 31.Rd1 Qxc4 32.Qxc4 Bxc4 33.Rxd6 Ra8 34.h3 Kf8 35.Rd7 Ra1+ 36.Kh2 Ra2
37.Kg1 Ra1+ 38.Kf2 Ra2+ 39.Kf3 Ra3+ 40.Kf2 Ra2+ 41.Kg1 Ra1+  1/2-1/2

[Event "e2e4 Brighton Masters 2013"]
[Site "Brighton ENG"]
[Date "2013.02.18"]
[Round "5"]
[White "Lalic,B"]
[Black "Arkell,K"]
[Result "1/2-1/2"]
[WhiteElo "2478"]
[BlackElo "2472"]

1.d4 Nf6 2.Nf3 e6 3.c4 Bb4+ 4.Bd2 Bxd2+ 5.Qxd2 d5 6.Nc3 O-O 7.e3 Nbd7 8.Rc1 c6
9.Bd3 Qe7 10.O-O dxc4  1/2-1/2

[Event "ch-ROU 2013"]
[Site "Baile Olanesti ROU"]
[Date "2013.02.21"]
[Round "8.38"]
[White "Cosmulescu,A"]
[Black "Tufa,M"]
[Result "1/2-1/2"]
[WhiteElo "1883"]
[BlackElo "2032"]

1.d4 Nf6 2.Nf3 e6 3.c4 Bb4+ 4.Bd2 Bxd2+ 5.Nbxd2 d5 6.g3 O-O 7.Bg2 b6 8.cxd5 exd5
9.Rc1 Bb7 10.Ne5 Qd6 11.O-O c6 12.Qa4 Nfd7 13.Ndf3 f6 14.Nd3 a5 15.Nh4 Re8
16.Nf5 Qf8 17.Rfe1 g6 18.Nh4 f5 19.Nf3 Re6 20.Nfe5 Nxe5 21.dxe5 Qd8 22.f4 c5
23.Nf2 Na6 24.Rcd1 Nc7 25.e4 fxe4 26.Nxe4 Bc6 27.Qc2 d4 28.Ng5 Bxg2 29.Nxe6 Nxe6
30.Qxg2 Rc8 31.Qe4 c4 32.f5 Ng5 33.Qg2 gxf5 34.Rf1 Qd7 35.Qd2 Ne6 36.Rxf5 d3
37.Qe3 b5 38.Qe4 b4 39.Qg4+ Kh8 40.Rf6 Qd4+ 41.Qxd4 Nxd4 42.Rd6 Nf3+ 43.Kf2 Nxe5
44.Rd5 c3 45.bxc3 bxc3 46.Rxe5 c2 47.Ree1 cxd1=Q 48.Rxd1 Rc2+ 49.Ke3  1/2-1/2

[Event "ch-Central Serbia 2013"]
[Site "Pozarevac SRB"]
[Date "2013.02.21"]
[Round "5.12"]
[White "Ratkovic,Miloj"]
[Black "Njegic,Vladimir"]
[Result "0-1"]
[WhiteElo "2249"]
[BlackElo "2149"]

1.d4 Nf6 2.Nf3 e6 3.c4 Bb4+ 4.Bd2 Qe7 5.Qc2 Bxd2+ 6.Nbxd2 d6 7.e4 e5 8.g3 O-O
9.Bg2 Nc6 10.d5 Nb8 11.O-O a5 12.b3 Bg4 13.a3 Nbd7 14.Nh4 Rfb8 15.h3 Bh5
16.f4 exf4 17.gxf4 Ne8 18.Nf5 Qf6 19.Rae1 Bg6 20.Ng3 Qd4+ 21.Kh2 f6 22.Nf3 Qc5
23.Nh4 Qxa3 24.Nxg6 hxg6 25.e5 f5 26.Nxf5 gxf5 27.Qxf5 Nf8 28.Bf3 dxe5 29.fxe5 g6
30.Rg1 Qe7 31.d6 cxd6 32.Bd5+ Kh7 33.Qf4 dxe5 34.Rg4 exf4 35.Rxe7+ Kh6 36.Rh4+ Kg5
37.Rg4+ Kh6 38.Rxf4 Nd6 39.Rf6 Nf5 40.Be4 Nxe7  0-1